Revisión del costo de obra gris y acabados en viviendas de interés social en Costa Rica
Gardado en:
| Autor Principal: | |
|---|---|
| Formato: | Libro |
| Publicado: |
San José, Costa Rica
2008
|
| Materias: | |
| Etiquetas: |
Engadir etiqueta
Sen Etiquetas, Sexa o primeiro en etiquetar este rexistro!
|
MARC
| LEADER | 00000nam a2200000Ia 4500 | ||
|---|---|---|---|
| 003 | 001093 | ||
| 005 | 20221231144101.0 | ||
| 008 | 140114s2008 cr a 000 ||s d | ||
| 040 | |c cru CEDI | ||
| 090 | |a TFG 5618 | ||
| 100 | |a González Mora, Esteban |9 4423 | ||
| 245 | |a Revisión del costo de obra gris y acabados en viviendas de interés social en Costa Rica | ||
| 260 | |c 2008 |b San José, Costa Rica | ||
| 300 | |a 1 volumen (en varias foliaciones); ilustraciones a color | ||
| 500 | |a Proyecto de graduación (licenciatura en ingeniería civil)--Universidad de Costa Rica. Escuela de Ingeniería Civil | ||
| 650 | |x INDUSTRIA DE LA CONSTRUCCION |x PRECIOS |x CONSTRUCCION |x PLANIFICACION |x VIVIENDA |x COSTOS |9 4424 | ||
| 942 | |c TFG | ||
| 999 | |c 16643 |d 16643 | ||
